000 00716nam a2200289Ia 4500
005 20260324115609.0
008 008 260324s9999 xx 000 0 eng d
020 _a9781315166124
037 _aEBOOK
040 _aCRL
040 _beng
040 _cCRL
041 _2eng
041 _aeng
084 _qCRL
100 _aThokozani Majozi; Esmael R. Seid; Jui-Yuan Lee
_91155283
245 0 _aUnderstanding Batch Chemical Processes
245 0 _bModelling and Case Studies
260 _bTaylor and Francis
260 _c2017
365 _a
365 _b400
856 _uhttp://www.taylorfrancis.com/books/9781315166124
942 _cEBOOK
999 _c1746269
_d1746269